000 004360000a22001810004500
003 MACL
005 20150705161336.0
008 150705b xxu||||| |||| 00| 0 eng d
040 _aMACL
_cMACL
041 _aEnglish
082 _a300/AHM
100 _aAhemed,Kasi Ali
_9953
245 _aFundamentals of India Society
260 _aGuwahati
_bEBH Pub.
_c2010
350 _a375
650 _asociology
_919
942 _cBK
_k300/AHM
_2ddc
999 _c47821
_d47821